مكتبة جامعة عجلون الوطنية

فهرس بحث المكتبة

روح القرأن الكريم : تفسير جزء قد سمع، ج28 (Record no. 7874)

MARC details
000 -LEADER
fixed length control field 00742nam a2200205Ii 4500
003 - CONTROL NUMBER IDENTIFIER
control field JO-AjNU
008 - FIXED-LENGTH DATA ELEMENTS--GENERAL INFORMATION
fixed length control field 230605s9999||||xx |||||||||||||| ||und||
040 ## - CATALOGING SOURCE
Original cataloging agency JO-AjNU
Language of cataloging ara
Description conventions rda
Transcribing agency JO-AjNU
041 ## - LANGUAGE CODE
Language code of text/sound track or separate title ara
050 14 - LIBRARY OF CONGRESS CALL NUMBER
Classification number BP130.4.T2 1986
100 3# - MAIN ENTRY--PERSONAL NAME
Personal name بقلم طباره، عفيف عبد الفتاح,
Relator term author
9 (RLIN) 15336
245 00 - TITLE STATEMENT
Title روح القرأن الكريم : تفسير جزء قد سمع، ج28
250 ## - EDITION STATEMENT
Edition statement ط4 مزيدة ومنقحة
264 31 - PRODUCTION, PUBLICATION, DISTRIBUTION, MANUFACTURE, AND COPYRIGHT NOTICE
Place of production, publication, distribution, manufacture بيروت: دار العلم للملايين، 1986
300 ## - PHYSICAL DESCRIPTION
Extent ج28، 166ص
336 ## - CONTENT TYPE
Content type term text
Content type code txt
Source rdacontent
337 ## - MEDIA TYPE
Media type term unmediated
Media type code n
Source rdamedia
338 ## - CARRIER TYPE
Carrier type term volume
Carrier type code nc
Source rdacarrier
650 #4 - SUBJECT ADDED ENTRY--TOPICAL TERM
Topical term or geographic name entry element جزء قد سمع - تفسير - القران الكريم
9 (RLIN) 15337
Holdings
Withdrawn status Lost status Source of classification or shelving scheme Damaged status Not for loan Home library Current library Shelving location Date acquired Total Checkouts Full call number Barcode Date last seen Price effective from Koha item type
    Library of Congress Classification     مكتبة جامعة عجلون الوطنية مكتبة جامعة عجلون الوطنية المجموعات العامة 06/06/2023   BP130.4.T2 1986 A4306 06/06/2023 06/06/2023 Books